Advocatus (Registro nro. 29567)
[ vista simple ]
| 000 -LEADER | |
|---|---|
| fixed length control field | 01600nas a22003377a 4500 |
| 003 - CONTROL NUMBER IDENTIFIER | |
| control field | CO-CtgCURN |
| 005 - DATE AND TIME OF LATEST TRANSACTION | |
| control field | 20250407154127.0 |
| 007 - PHYSICAL DESCRIPTION FIXED FIELD--GENERAL INFORMATION | |
| fixed length control field | cr || aaaaa |
| 008 - FIXED-LENGTH DATA ELEMENTS--GENERAL INFORMATION | |
| fixed length control field | 240625c1996 xx fr n 000 0 und d |
| 022 ## - INTERNATIONAL STANDARD SERIAL NUMBER | |
| International Standard Serial Number | 0124-0102 (impreso) |
| 022 ## - INTERNATIONAL STANDARD SERIAL NUMBER | |
| International Standard Serial Number | 2390-0202 (digital) |
| 040 ## - CATALOGING SOURCE | |
| Original cataloging agency | CO-CtgCURN |
| Language of cataloging | spa |
| Transcribing agency | coctgcurn |
| Description conventions | rda |
| 043 ## - GEOGRAPHIC AREA CODE | |
| Geographic area code | s-ck--- |
| 082 ## - DEWEY DECIMAL CLASSIFICATION NUMBER | |
| Classification number | 340 |
| 110 ## - MAIN ENTRY--CORPORATE NAME | |
| Corporate name or jurisdiction name as entry element | Universidad Libre. |
| Subordinate unit | Facultad de Derecho y Ciencias Sociales |
| 9 (RLIN) | 10035 |
| 245 #0 - TITLE STATEMENT | |
| Title | Advocatus |
| Medium | [electronic resource] / |
| Statement of responsibility, etc. | Universidad Libre |
| 260 ## - PUBLICATION, DISTRIBUTION, ETC. | |
| Place of publication, distribution, etc. | Barranquilla, Atlántico : |
| Name of publisher, distributor, etc. | Universidad Libre, |
| Date of publication, distribution, etc. | 1996 |
| 300 ## - PHYSICAL DESCRIPTION | |
| Extent | volúmenes : |
| Other physical details | ilustraciones, gráficas, tablas ; |
| Dimensions | 25 centímetros |
| 336 ## - CONTENT TYPE | |
| Source | rdacontent |
| 337 ## - MEDIA TYPE | |
| Source | rdamedia |
| 338 ## - CARRIER TYPE | |
| Source | rdacarrier |
| 504 ## - BIBLIOGRAPHY, ETC. NOTE | |
| Bibliography, etc. note | Incluye referencias bibliográficas |
| 520 ## - SUMMARY, ETC. | |
| Summary, etc. | La revista Advocatus es una publicación científica semestral de acceso abierto que se inscribe en las áreas de las ciencias jurídicas, sociojurídicas, sociales, políticas y de la educación desde el año 1996. Propende por la divulgación del conocimiento del Derecho y las Ciencias sociales a través de la publicación de artículos resultado de investigación, revisión, reflexión y reseñas (español e inglés). |
| 521 ## - TARGET AUDIENCE NOTE | |
| Target audience note | AREA PROFESIONAL |
| 550 ## - ISSUING BODY NOTE | |
| Issuing body note | Publicado por la Universidad Libre |
| 590 ## - LOCAL NOTE (RLIN) | |
| Local note | Programa de Derecho_18 |
| 650 ## - SUBJECT ADDED ENTRY--TOPICAL TERM | |
| Topical term or geographic name entry element | Derecho |
| Form subdivision | Publicaciones periódicas |
| 9 (RLIN) | 10036 |
| 856 ## - ELECTRONIC LOCATION AND ACCESS | |
| Uniform Resource Identifier | <a href="https://revistas.unilibre.edu.co/index.php/advocatus">https://revistas.unilibre.edu.co/index.php/advocatus</a> |
| Link text | Haga clic para acceso en línea |
| 942 ## - ADDED ENTRY ELEMENTS (KOHA) | |
| Koha item type | Revistas electrónicas |
| Classification part | 340 |
| Source of classification or shelving scheme | Dewey Decimal Classification |
| Suppress in OPAC | No |
| Withdrawn status | Lost status | Source of classification or shelving scheme | Damaged status | Not for loan | Collection | Home library | Current library | Date acquired | Total checkouts | Full call number | Date last seen | Price effective from | Koha item type |
|---|---|---|---|---|---|---|---|---|---|---|---|---|---|
| Dewey Decimal Classification | Revistas electrónicas | Miguel Henríquez Castañeda Barranquilla | Miguel Henríquez Castañeda Barranquilla | 06/22/2024 | 340 | 06/25/2024 | 06/25/2024 | Revistas electrónicas |